[Event "Oberliga Nord O 0708"]
[Site "Germany"]
[Date "2008.02.10"]
[Round "6.8"]
[White "Mueller, Sebastian"]
[Black "Rath, Oliver"]
[Result "1-0"]
[WhiteElo "2295"]
[BlackElo "1907"]
[PlyCount "103"]
[EventDate "2007.10.21"]
[EventType "team-tourn"]
[EventRounds "9"]
[EventCountry "GER"]
[SourceTitle "EXT 2009"]
[Source "ChessBase"]
[SourceDate "2008.11.26"]
[SourceVersion "1"]
[SourceVersionDate "2008.11.26"]
[SourceQuality "1"]
[WhiteTeam "Lasker Steglitz"]
[BlackTeam "Koenig Tegel II"]
[WhiteTeamCountry "GER"]
[BlackTeamCountry "GER"]

1. d4 d5 2. c4 e6 3. Nc3 Nf6 4. cxd5 exd5 5. Bg5 Nbd7 6. e3 c6 7. Bd3 Be7 8. Nge2 0-0 9. 0-0 Re8 10. Qc2 Nf8 11. f3 Qb6 12. Kh1 Be6 13. e4 dxe4 14. fxe4 Rad8 15. Bxf6 Bxf6 16. Rxf6 gxf6 17. Rf1 Ng6 18. Qd2 Rxd4 19. Nxd4 Qxd4 20. Ne2 Qe5 21. Bb1 c5 22. Ng3 b6 23. Qe2 Qg5 24. Nh5 Rd8 25. Nxf6+ Kh8 26. Qh5 Qxh5 27. Nxh5 Rd2 28. b3 Bg4 29. Nf6 Rd1 30. Kg1 Rxf1+ 31. Kxf1 Be6 32. Ke2 Ne5 33. h3 Kg7 34. Ne8+ Kf8 35. Nc7 Bd7 36. Ke3 f6 37. a3 Kg7 38. Ba2 Bc6 39. Ne6+ Kh6 40. Nd8 Ba8 41. b4 cxb4 42. axb4 Kg5 43. b5 f5 44. Bd5 Bxd5 45. exd5 Kf6 46. Nc6 Nxc6 47. dxc6 Ke6 48. Kf4 Kd6 49. Kxf5 a5 50. bxa6 Kxc6 51. g4 b5 52. g5 1-0

[Event "GER-ch op U25"]
[Site "Willingen"]
[Date "2006.06.09"]
[Round "9"]
[White "Stratonowitsch, Andre"]
[Black "Rath, Oliver"]
[Result "1/2-1/2"]
[WhiteElo "1990"]
[BlackElo "1887"]
[PlyCount "82"]
[EventDate "2006.06.04"]
[EventType "swiss"]
[EventRounds "9"]
[EventCountry "GER"]
[SourceTitle "EXT 2007"]
[Source "ChessBase"]
[SourceDate "2006.11.23"]
[SourceVersion "1"]
[SourceVersionDate "2006.11.23"]
[SourceQuality "1"]

1. e4 c5 2. Nf3 Nc6 3. d4 cxd4 4. Nxd4 Nf6 5. Nc3 d6 6. Be2 a6 7. 0-0 Bd7 8. Be3 e6 9. Kh1 Be7 10. f4 e5 11. Nxc6 Bxc6 12. Bf3 Qd7 13. b3 b5 14. Nd5 Bxd5 15. exd5 e4 16. Be2 b4 17. a3 Qf5 18. Bc4 Ng4 19. Bg1 Bf6 20. Ra2 Bh4 21. axb4 e3 22. Be2 Nf2+ 23. Bxf2 Bxf2 24. Rxa6 Rxa6 25. Bxa6 Qxf4 26. b5 0-0 27. Qe2 Rb8 28. Rd1 Qe5 29. h3 f5 30. Rf1 Qxd5 31. b6 Qe5 32. b7 h6 33. Qd3 Kh8 34. Qc4 Kh7 35. Qc8 d5 36. Bd3 g6 37. Qd7+ Qg7 38. Qxd5 Rxb7 39. Qc4 Rc7 40. Qb5 Rb7 41. Qc4 Rc7 1/2-1/2

[Event "GER-chT U20"]
[Site "Berlin"]
[Date "2005.12.29"]
[Round "5.6"]
[White "Stiefel, Michael"]
[Black "Rath, Oliver"]
[Result "1-0"]
[WhiteElo "2057"]
[BlackElo "1900"]
[PlyCount "147"]
[EventDate "2005.12.27"]
[EventType "team-swiss"]
[EventRounds "7"]
[EventCountry "GER"]
[SourceTitle "EXT 2022"]
[Source "ChessBase"]
[SourceDate "2021.10.06"]
[SourceVersion "1"]
[SourceVersionDate "2021.10.06"]
[SourceQuality "1"]
[WhiteTeam "Baden-Baden U20"]
[BlackTeam "Koenig Tegel U20"]
[WhiteTeamCountry "GER"]
[BlackTeamCountry "GER"]

1. e4 c5 2. Nf3 Nc6 3. d4 cxd4 4. Nxd4 Nf6 5. Nc3 a6 6. Nxc6 dxc6 7. Qxd8+ Kxd8 8. Bc4 e6 9. Bg5 Be7 10. 0-0-0+ Ke8 11. e5 Ng4 12. Bxe7 Kxe7 13. Rhe1 b5 14. Bf1 Bb7 15. f3 Nh6 16. Ne4 Rad8 17. Nc5 Bc8 18. g3 Nf5 19. c3 Rxd1+ 20. Kxd1 Rd8+ 21. Kc2 Rd5 22. b4 a5 23. a3 axb4 24. axb4 Rd8 25. Bd3 g6 26. Be4 Bd7 27. Nxd7 Rxd7 28. Bxc6 Rc7 29. Be4 h5 30. Kb3 Kd7 31. Rd1+ Ke7 32. Ra1 Ne3 33. Ra5 Nd1 34. Rxb5 Rxc3+ 35. Ka4 Nb2+ 36. Ka5 Nc4+ 37. Ka6 Ra3+ 38. Kb7 Nd2 39. Rc5 Rb3 40. b5 Nc4 41. Rc7+ Kf8 42. Rxc4 Rxb5+ 43. Kc6 Rxe5 44. Kd6 Ra5 45. Rc5 Ra2 46. Rc2 Ra5 47. Rc5 Ra2 48. Bc2 Kg7 49. Ke5 Ra3 50. Kf4 Ra7 51. g4 hxg4 52. fxg4 Rd7 53. Be4 Rd2 54. Rc2 Rd4 55. Ke5 Ra4 56. g5 Ra3 57. Kf4 Ra4 58. h4 Ra1 59. Rh2 Rf1+ 60. Ke5 Rg1 61. Rf2 Rg3 62. Rf1 Ra3 63. Kd6 Ra6+ 64. Ke7 Ra7+ 65. Ke8 Rc7 66. Rf2 Kg8 67. Rc2 Ra7 68. Bc6 Ra6 69. Bd7 Ra7 70. Rf2 Ra8+ 71. Ke7 Ra7 72. Rc2 Kg7 73. Rc8 Ra3 74. Rf8 1-0

[Event "GER-chT U20"]
[Site "Berlin"]
[Date "2005.12.28"]
[Round "3.6"]
[White "Mueller, Philipp1111"]
[Black "Rath, Oliver"]
[Result "1/2-1/2"]
[WhiteElo "1994"]
[BlackElo "1900"]
[PlyCount "67"]
[EventDate "2005.12.27"]
[EventType "team-swiss"]
[EventRounds "7"]
[EventCountry "GER"]
[SourceTitle "EXT 2022"]
[Source "ChessBase"]
[SourceDate "2021.10.06"]
[SourceVersion "1"]
[SourceVersionDate "2021.10.06"]
[SourceQuality "1"]
[WhiteTeam "Hamburger SK U20"]
[BlackTeam "Koenig Tegel U20"]
[WhiteTeamCountry "GER"]
[BlackTeamCountry "GER"]

1. d4 d5 2. c4 e6 3. Nc3 Nf6 4. Bg5 Be7 5. e3 Nbd7 6. cxd5 exd5 7. Nf3 0-0 8. Bd3 Re8 9. 0-0 Nf8 10. h3 c6 11. Qc2 Ne4 12. Bf4 Nxc3 13. Qxc3 Ne6 14. Bh2 Ng5 15. Nxg5 Bxg5 16. Qc2 h6 17. b4 Be6 18. b5 Rc8 19. bxc6 Rxc6 20. Qd2 a6 21. a4 f5 22. Rab1 Rb6 23. a5 Rxb1 24. Rxb1 Re7 25. Bxa6 bxa6 26. Rb8 Bc8 27. Qc3 Rb7 28. Qxc8 Rb1+ 29. Rxb1 Qxc8 30. Rb8 Qxb8 31. Bxb8 Bd8 32. Kf1 Bxa5 33. Ke2 Bb4 34. Kd3 1/2-1/2

[Event "Recklinghausen op 15th"]
[Site "Recklinghausen"]
[Date "2005.08.03"]
[Round "3"]
[White "Leveikina, Jevgenija"]
[Black "Rath, Oliver"]
[Result "1-0"]
[WhiteElo "2013"]
[BlackElo "1889"]
[PlyCount "67"]
[EventDate "2005.08.01"]
[EventType "swiss"]
[EventRounds "7"]
[EventCountry "GER"]
[SourceTitle "CBM 107 Extra"]
[Source "ChessBase"]
[SourceDate "2005.09.01"]
[SourceVersion "1"]
[SourceVersionDate "2005.09.01"]
[SourceQuality "1"]

1. c4 c5 2. Nf3 Nf6 3. Nc3 d6 4. d3 e6 5. g3 Nc6 6. Bg2 Be7 7. 0-0 Rb8 8. d4 cxd4 9. Nxd4 Nxd4 10. Qxd4 b6 11. Bc6+ Bd7 12. Bg2 Bc8 13. Rd1 a6 14. Bg5 Bb7 15. Bxf6 gxf6 16. Ne4 Bxe4 17. Bxe4 Qc7 18. Rac1 Rc8 19. b4 0-0 20. a4 f5 21. Bf3 Rfd8 22. e4 fxe4 23. Bxe4 Bf8 24. Qd3 f5 25. Bf3 Bh6 26. Rc2 b5 27. axb5 axb5 28. Qe2 Kf7 29. Re1 Qd7 30. c5 d5 31. Bh5+ Ke7 32. Qe5 Rf8 33. Be2 Qc6 34. Bxb5 1-0

[Event "GER-ch U14"]
[Site "Willingen"]
[Date "2005.05.21"]
[Round "9"]
[White "Bart, Simon"]
[Black "Rath, Oliver"]
[Result "0-1"]
[WhiteElo "1474"]
[BlackElo "1717"]
[PlyCount "82"]
[EventDate "2005.05.14"]
[EventType "swiss"]
[EventRounds "9"]
[EventCountry "GER"]
[SourceTitle "CBM 106 Extra"]
[Source "ChessBase"]
[SourceDate "2005.07.01"]
[SourceVersion "1"]
[SourceVersionDate "2005.07.01"]
[SourceQuality "1"]

1. e4 c5 2. Nf3 e6 3. c3 d6 4. d4 cxd4 5. cxd4 Nf6 6. Bd3 Be7 7. e5 dxe5 8. dxe5 Nfd7 9. 0-0 0-0 10. Qe2 Nc5 11. Bc2 Nc6 12. Be3 Re8 13. Nc3 a6 14. Rfd1 Qc7 15. Bxc5 Bxc5 16. a3 Be7 17. Rac1 Rd8 18. Rxd8+ Qxd8 19. Qe4 g6 20. Rd1 Qc7 21. Ba4 Bd7 22. Nd4 Nxd4 23. Bxd7 Bc5 24. Ba4 Rb8 25. b4 Ba7 26. Ne2 Nxe2+ 27. Qxe2 b5 28. Bc2 Rc8 29. Bb3 Qc3 30. Qd3 Qxe5 31. Qd7 Rc7 32. Qd6 Qxd6 33. Rxd6 Rc1+ 34. Bd1 Ra1 35. Rd3 Ra2 36. Rf3 Bd4 37. Kf1 Bb2 38. Re3 Bxa3 39. Re2 Ra1 40. Rd2 Bxb4 41. Ke2 Bxd2 0-1

[Event "GER-ch U14"]
[Site "Willingen"]
[Date "2005.05.19"]
[Round "7"]
[White "Rath, Oliver"]
[Black "Brueggemann, Florian"]
[Result "1-0"]
[WhiteElo "1717"]
[BlackElo "1626"]
[PlyCount "63"]
[EventDate "2005.05.14"]
[EventType "swiss"]
[EventRounds "9"]
[EventCountry "GER"]
[SourceTitle "CBM 106 Extra"]
[Source "ChessBase"]
[SourceDate "2005.07.01"]
[SourceVersion "1"]
[SourceVersionDate "2005.07.01"]
[SourceQuality "1"]

1. d4 Nf6 2. c4 g6 3. Nc3 Bg7 4. e4 d6 5. Nf3 0-0 6. Be2 e5 7. 0-0 Nc6 8. d5 Ne7 9. Nd2 Ne8 10. f4 f5 11. Nf3 exf4 12. exf5 Bxf5 13. Bxf4 Nf6 14. Nd4 Nd7 15. Bg5 Qe8 16. g4 Bxd4+ 17. Qxd4 Nc5 18. Bh6 Rf7 19. gxf5 Nxf5 20. Rxf5 gxf5 21. Bh5 Qe5 22. Qxe5 dxe5 23. Bxf7+ Kxf7 24. Be3 Rg8+ 25. Kf1 Nd3 26. b3 a6 27. Rd1 e4 28. Rd2 Re8 29. Bd4 Nf4 30. Rf2 Ng6 31. Rxf5+ Kg8 32. Ke2 1-0

[Event "GER-ch U14"]
[Site "Willingen"]
[Date "2005.05.17"]
[Round "6"]
[White "Rath, Oliver"]
[Black "Zahn, Benno"]
[Result "0-1"]
[WhiteElo "1717"]
[BlackElo "1677"]
[PlyCount "50"]
[EventDate "2005.05.14"]
[EventType "swiss"]
[EventRounds "9"]
[EventCountry "GER"]
[SourceTitle "CBM 106 Extra"]
[Source "ChessBase"]
[SourceDate "2005.07.01"]
[SourceVersion "1"]
[SourceVersionDate "2005.07.01"]
[SourceQuality "1"]

1. c4 e5 2. Nc3 Nf6 3. Qc2 Nc6 4. Nf3 d5 5. cxd5 Nxd5 6. Nxe5 Ndb4 7. Qa4 Bd7 8. Nxc6 Bxc6 9. Qd1 Qg5 10. d3 Qf6 11. a3 Nd5 12. Nxd5 Bxd5 13. e3 0-0-0 14. d4 Bd6 15. Bd3 Qg5 16. Rg1 Bxh2 17. e4 Qe7 18. Rh1 Bxe4 19. Be3 Bd6 20. Rc1 f5 21. Qe2 Bxd3 22. Qxd3 f4 23. Rh3 fxe3 24. Rxe3 Qd7 25. Kf1 Bf4 0-1

[Event "GER-chT North U16"]
[Site "Syke"]
[Date "2004.09.17"]
[Round "4.4"]
[White "Rath, Oliver"]
[Black "Zunk, Richard"]
[Result "1-0"]
[WhiteElo "1637"]
[BlackElo "1248"]
[PlyCount "73"]
[EventDate "2004.09.16"]
[EventType "team-swiss"]
[EventRounds "7"]
[EventCountry "GER"]
[SourceTitle "EXT 2006"]
[Source "ChessBase"]
[SourceDate "2005.11.24"]
[SourceVersion "1"]
[SourceVersionDate "2005.11.24"]
[SourceQuality "1"]

1. d4 d5 2. c4 c6 3. Nc3 Nf6 4. Nf3 b6 5. Bg5 h6 6. Bh4 Nbd7 7. cxd5 Nxd5 8. e4 Nxc3 9. bxc3 Nf6 10. Bd3 Qc7 11. 0-0 Bb7 12. a4 Nd7 13. Bg3 Qd8 14. Qb3 e6 15. a5 c5 16. a6 Bc8 17. d5 Nf6 18. d6 Bxd6 19. e5 Bc7 20. exf6 Bxg3 21. fxg3 Qxd3 22. fxg7 Rg8 23. Kh1 Rxg7 24. Rad1 Qxa6 25. Ne5 Bb7 26. Nxf7 Bd5 27. Nd6+ Kd7 28. c4 Kxd6 29. cxd5 Rd8 30. Qe3 Re7 31. dxe6+ Kc7 32. Qf4+ Kc8 33. Rxd8+ Kxd8 34. Qf8+ Re8 35. Rd1+ Kc7 36. Qxe8 Qe2 37. Qd7+ 1-0

[Event "GER-ch U12"]
[Site "Willingen"]
[Date "2003.06.14"]
[Round "11"]
[White "Korman, Maxim"]
[Black "Rath, Oliver"]
[Result "1-0"]
[WhiteElo "1711"]
[BlackElo "1513"]
[PlyCount "131"]
[EventDate "2003.06.08"]
[EventType "swiss"]
[EventRounds "11"]
[EventCountry "GER"]
[SourceTitle "CBM 094 Extra"]
[Source "ChessBase"]
[SourceDate "2003.07.09"]
[SourceVersion "2"]
[SourceVersionDate "2003.07.09"]
[SourceQuality "1"]

1. e4 c5 2. Nf3 d6 3. Bb5+ Bd7 4. Bxd7+ Nxd7 5. c4 g6 6. 0-0 Bg7 7. Nc3 Ngf6 8. d4 cxd4 9. Nxd4 0-0 10. f3 Qb6 11. Na4 Qc7 12. b3 Nc5 13. Nc3 Nfd7 14. Nd5 Qd8 15. Be3 e6 16. Nc3 Nb6 17. Rc1 a6 18. Qd2 Re8 19. Nde2 e5 20. Rfd1 Bf8 21. Nd5 Nxd5 22. Qxd5 Qc7 23. Nc3 Rad8 24. Qd2 Bg7 25. Nd5 Qc8 26. Bg5 Bf8 27. Nf6+ Kh8 28. Nxe8 Rxe8 29. Be3 Ne6 30. b4 Qc6 31. Qd5 Qc7 32. b5 axb5 33. cxb5 Qb8 34. Rc2 Kg8 35. Rdc1 Be7 36. b6 Rf8 37. Qa5 Kg7 38. Qa7 Qa8 39. Qxa8 Rxa8 40. Ra1 Ra3 41. Kf2 Bf6 42. Rc8 Nd4 43. Bxd4 exd4 44. Rc7 d3 45. Rd1 Rxa2+ 46. Kf1 Rb2 47. Rxb7 Bd4 48. Rxd3 Rxb6 49. Rxb6 Bxb6 50. Rxd6 Bc7 51. Rd7 Bxh2 52. Kf2 Be5 53. g3 g5 54. Rd1 h6 55. Rf1 Kg6 56. Kg2 Bb8 57. f4 gxf4 58. gxf4 h5 59. Kg3 f6 60. Rg1 Kf7 61. Rg2 Bc7 62. Rd2 Ke7 63. Rh2 Ke6 64. Rxh5 Bd6 65. Rb5 Kf7 66. e5 1-0

[Event "GER-ch U12"]
[Site "Willingen"]
[Date "2003.06.12"]
[Round "9"]
[White "Kaczmarczyk, Dennis"]
[Black "Rath, Oliver"]
[Result "1/2-1/2"]
[WhiteElo "1715"]
[BlackElo "1513"]
[PlyCount "159"]
[EventDate "2003.06.08"]
[EventType "swiss"]
[EventRounds "11"]
[EventCountry "GER"]
[SourceTitle "CBM 094 Extra"]
[Source "ChessBase"]
[SourceDate "2003.07.09"]
[SourceVersion "2"]
[SourceVersionDate "2003.07.09"]
[SourceQuality "1"]

1. c4 e6 2. Nf3 d5 3. g3 Nf6 4. Bg2 Be7 5. d4 Nbd7 6. cxd5 exd5 7. 0-0 0-0 8. Nc3 c6 9. Rb1 Nb6 10. b4 Bf5 11. Rb3 a5 12. bxa5 Rxa5 13. Nh4 Bc8 14. Bd2 Nc4 15. Nf3 Nxd2 16. Qxd2 Ra8 17. Ne5 Nd7 18. Nxd7 Qxd7 19. e3 Bf6 20. Rc1 Qd8 21. Ne2 Qa5 22. Qxa5 Rxa5 23. Rc2 Re8 24. Nf4 Bg5 25. Nd3 Be7 26. Kf1 Bf5 27. Ke2 Rb8 28. Rcb2 Bc8 29. Rc3 Rba8 30. Rcc2 Ra3 31. Nc1 Bf5 32. Rd2 b5 33. Rb3 R3a4 34. f3 Bb4 35. Rdb2 Ba3 36. Rxa3 Rxa3 37. e4 dxe4 38. fxe4 Bg4+ 39. Kf2 R3a4 40. Ke3 Rc4 41. Nb3 b4 42. Rd2 Rc3+ 43. Kf4 Bd7 44. Ke5 Rd8 45. d5 cxd5 46. Rxd5 f6+ 47. Kd4 Rcc8 48. Nc5 Bc6 49. Rxd8+ Rxd8+ 50. Ke3 Ra8 51. Bh3 Kf8 52. Be6 Ke7 53. Bb3 Kd6 54. Kd4 Re8 55. Bc2 Re5 56. Na6 Rb5 57. Bd3 b3 58. a3 b2 59. Nb4 Ra5 60. Kc3 b1Q 61. Bxb1 Rxa3+ 62. Kc4 Re3 63. Nxc6 Kxc6 64. Kd4 Re2 65. h4 Rg2 66. e5 fxe5+ 67. Kxe5 Rxg3 68. Bxh7 Rg4 69. h5 Rg5+ 70. Ke6 Rxh5 71. Bg6 Rg5 72. Kf7 Kd6 73. Kxg7 Ke6 74. Kh7 Kf6 75. Bd3 Rg7+ 76. Kh8 Rg3 77. Bc2 Rh3+ 78. Kg8 Rh2 79. Be4 Ke7 80. Kg7 1/2-1/2

[Event "GER-ch U12"]
[Site "Willingen"]
[Date "2003.06.10"]
[Round "5"]
[White "Soeroes, Martin Wolfgang"]
[Black "Rath, Oliver"]
[Result "1/2-1/2"]
[WhiteElo "1619"]
[BlackElo "1513"]
[PlyCount "42"]
[EventDate "2003.06.08"]
[EventType "swiss"]
[EventRounds "11"]
[EventCountry "GER"]
[SourceTitle "CBM 094 Extra"]
[Source "ChessBase"]
[SourceDate "2003.07.09"]
[SourceVersion "2"]
[SourceVersionDate "2003.07.09"]
[SourceQuality "1"]

1. d4 Nf6 2. Nc3 d5 3. e4 dxe4 4. f3 exf3 5. Nxf3 Bg4 6. Bc4 e6 7. Bg5 Be7 8. 0-0 0-0 9. Qd2 c6 10. Ne5 Bf5 11. g4 Nxg4 12. Bxe7 Qxe7 13. Nxg4 Bxg4 14. Rf4 Bf5 15. Kh1 b5 16. Bd3 Bxd3 17. Qxd3 Qg5 18. Qf3 f5 19. Ne4 Qe7 20. Nc5 g5 21. Qg3 Kh8 1/2-1/2

[Event "GER-ch U12"]
[Site "Willingen"]
[Date "2003.06.09"]
[Round "3"]
[White "Rath, Oliver"]
[Black "Stelter, Frederik"]
[Result "1-0"]
[WhiteElo "1513"]
[BlackElo "1157"]
[PlyCount "63"]
[EventDate "2003.06.08"]
[EventType "swiss"]
[EventRounds "11"]
[EventCountry "GER"]
[SourceTitle "CBM 094 Extra"]
[Source "ChessBase"]
[SourceDate "2003.07.09"]
[SourceVersion "2"]
[SourceVersionDate "2003.07.09"]
[SourceQuality "1"]

1. e4 e5 2. Nc3 Bc5 3. Bc4 Nc6 4. d3 Nge7 5. Nf3 d6 6. Bg5 f6 7. Bh4 Bg4 8. h3 Bh5 9. Qd2 Qd7 10. Bb5 0-0-0 11. Nd5 Qe6 12. Bc4 Qd7 13. a4 Nxd5 14. exd5 Nd4 15. Nxd4 Bxd4 16. c3 g5 17. Bg3 Bxc3 18. bxc3 Rhe8 19. 0-0 Qg7 20. Qb2 f5 21. Ba6 bxa6 22. Rab1 Kd7 23. Qb7 Rc8 24. Qxa6 f4 25. Bh2 g4 26. hxg4 Bxg4 27. f3 Bh3 28. Rf2 Rg8 29. Rbb2 Qg6 30. Qb5+ Ke7 31. Qc4 Rb8 32. Qxc7+ 1-0

[Event "GER-ch U12"]
[Site "Willingen"]
[Date "2003.06.08"]
[Round "1"]
[White "Thewes, Johannes"]
[Black "Rath, Oliver"]
[Result "0-1"]
[WhiteElo "903"]
[BlackElo "1513"]
[PlyCount "56"]
[EventDate "2003.06.08"]
[EventType "swiss"]
[EventRounds "11"]
[EventCountry "GER"]
[SourceTitle "CBM 094 Extra"]
[Source "ChessBase"]
[SourceDate "2003.07.09"]
[SourceVersion "2"]
[SourceVersionDate "2003.07.09"]
[SourceQuality "1"]

1. e4 c5 2. Nc3 d6 3. Nf3 Nc6 4. Bc4 Nf6 5. d3 a6 6. a3 Bg4 7. h3 Bh5 8. Bg5 e6 9. 0-0 Nd4 10. g4 Nxf3+ 11. Qxf3 Bg6 12. Rfe1 h6 13. Bh4 Be7 14. Rad1 0-0 15. d4 cxd4 16. Rxd4 Qc7 17. Rd2 Rac8 18. b3 Qa5 19. a4 b5 20. e5 dxe5 21. Rxe5 Qc7 22. Bg3 Bd6 23. Re3 Bxg3 24. Qxg3 Qxg3+ 25. Rxg3 bxc4 26. h4 cxb3 27. cxb3 Rxc3 28. Rxc3 Ne4 0-1

[Event "GER-ch U12"]
[Site "Winterberg"]
[Date "2002.05.24"]
[Round "10"]
[White "Rath, Oliver"]
[Black "Armbruester, Clemens"]
[Result "1/2-1/2"]
[WhiteElo "1227"]
[BlackElo "1292"]
[PlyCount "44"]
[EventDate "2002.05.19"]
[EventType "swiss"]
[EventRounds "11"]
[EventCountry "GER"]
[SourceTitle "CBM 088 Extra"]
[Source "ChessBase"]
[SourceDate "2002.07.01"]
[SourceVersion "2"]
[SourceVersionDate "2002.07.01"]
[SourceQuality "1"]

1. d4 Nf6 2. Bg5 e6 3. e3 Be7 4. Nf3 0-0 5. Bd3 h6 6. Bh4 Nc6 7. 0-0 d5 8. Nbd2 Bd7 9. c4 a6 10. a3 a5 11. Rc1 Re8 12. cxd5 exd5 13. Bxf6 Bxf6 14. Qb3 Bc8 15. Bb5 Re6 16. Bxc6 bxc6 17. Rc2 a4 18. Qa2 Bb7 19. Rfc1 Qe8 20. Ne1 Bxd4 21. Ndf3 Bb6 22. Nd3 Qe7 1/2-1/2

[Event "GER-ch U12"]
[Site "Winterberg"]
[Date "2002.05.22"]
[Round "7"]
[White "Hofmann, Christine"]
[Black "Rath, Oliver"]
[Result "1/2-1/2"]
[WhiteElo "1294"]
[BlackElo "1227"]
[PlyCount "92"]
[EventDate "2002.05.19"]
[EventType "swiss"]
[EventRounds "11"]
[EventCountry "GER"]
[SourceTitle "CBM 088 Extra"]
[Source "ChessBase"]
[SourceDate "2002.07.01"]
[SourceVersion "2"]
[SourceVersionDate "2002.07.01"]
[SourceQuality "1"]

1. d4 d5 2. c4 e6 3. Nf3 Nf6 4. Bg5 Nbd7 5. e3 Be7 6. Bd3 0-0 7. 0-0 b6 8. Nc3 Bb7 9. Qc2 dxc4 10. Be2 h6 11. Bxf6 Nxf6 12. Ne5 c5 13. Rad1 cxd4 14. Rxd4 Qc7 15. Nxc4 Bc5 16. Rdd1 Bc6 17. Nd2 Qb7 18. Nf3 Qc7 19. h3 Rad8 20. Na4 Be4 21. Qc3 Rc8 22. Rc1 Bd6 23. Qxc7 Rxc7 24. Nc3 Bb7 25. Rcd1 Bb4 26. Rc1 Bxc3 27. Rxc3 Rxc3 28. bxc3 Rc8 29. Rc1 Ne4 30. c4 Ba6 31. Rc2 b5 32. Bd3 Nf6 33. cxb5 Rxc2 34. Bxc2 Bxb5 35. a4 Bc6 36. Bd1 a5 37. Kf1 Ne4 38. Nd4 Bd5 39. f3 Nc3 40. Bc2 Kf8 41. e4 Ba8 42. Ke1 e5 43. Ne2 Na2 44. Kd2 Ke7 45. Kd3 Kd6 46. Kc4 Bc6 1/2-1/2

[Event "GER-ch U12"]
[Site "Winterberg"]
[Date "2002.05.20"]
[Round "5"]
[White "Lutz, Bernhard"]
[Black "Rath, Oliver"]
[Result "1-0"]
[WhiteElo "1446"]
[BlackElo "1227"]
[PlyCount "97"]
[EventDate "2002.05.19"]
[EventType "swiss"]
[EventRounds "11"]
[EventCountry "GER"]
[SourceTitle "CBM 088 Extra"]
[Source "ChessBase"]
[SourceDate "2002.07.01"]
[SourceVersion "2"]
[SourceVersionDate "2002.07.01"]
[SourceQuality "1"]

1. e4 c5 2. Nc3 d6 3. d3 Nc6 4. g3 g6 5. Bg2 Bg7 6. Be3 e6 7. Qd2 Rb8 8. a4 a6 9. Qc1 b5 10. axb5 axb5 11. f4 Nge7 12. Nf3 b4 13. Ne2 0-0 14. 0-0 Qc7 15. Nd2 Rd8 16. c3 bxc3 17. bxc3 Bd7 18. Qc2 Ra8 19. Rxa8 Rxa8 20. g4 Qa5 21. Nc4 Qc7 22. g5 Na5 23. Ra1 Ra7 24. Nxa5 Rxa5 25. Rxa5 Qxa5 26. h4 h5 27. gxh6 Bxh6 28. Bf3 Qa1+ 29. Kg2 e5 30. Qd2 exf4 31. Bxf4 Bxf4 32. Qxf4 Qa6 33. Qf6 Qa7 34. Qxd6 Be6 35. Qg3 Qa2 36. d4 cxd4 37. cxd4 Bc4 38. Qf2 Qd2 39. Ng3 Qf4 40. Nh1 Bd3 41. Qg3 Qd2+ 42. Nf2 Qb2 43. d5 Bc4 44. d6 Nc6 45. h5 Kg7 46. hxg6 fxg6 47. d7 Qd4 48. Qc7 Kf6 49. Qxc6+ 1-0

[Event "JBLN Ost 0102"]
[Site "Germany"]
[Date "2002.03.16"]
[Round "?"]
[White "Rath, Oliver"]
[Black "Hummel, Helmut"]
[Result "0-1"]
[WhiteElo "1208"]
[BlackElo "1407"]
[PlyCount "48"]
[EventDate "2002.10.??"]
[EventType "team"]
[EventRounds "9"]
[EventCountry "GER"]
[SourceTitle "EXT 2005"]
[Source "ChessBase"]
[SourceDate "2004.11.15"]
[SourceVersion "1"]
[SourceVersionDate "2004.11.15"]
[SourceQuality "1"]

1. d4 d5 2. Bg5 Bf5 3. e3 Nd7 4. Nd2 f6 5. Bh4 e5 6. Ne2 c5 7. c3 Qb6 8. Qc1 Ne7 9. Bg3 Nc6 10. Nf3 Bg4 11. dxe5 Bxf3 12. gxf3 Ndxe5 13. Bg2 Nd3+ 14. Kd1 Nxc1 15. Kxc1 d4 16. exd4 cxd4 17. f4 d3 18. Ng1 d2+ 19. Kc2 Bc5 20. Nh3 0-0 21. Rad1 Rad8 22. Rhg1 Qb5 23. Bf1 Qa4+ 24. b3 Qxa2# 0-1

[Event "GER-ch U12"]
[Site "Winterberg"]
[Date "2002.??.??"]
[Round "2"]
[White "Rath, Oliver"]
[Black "Reh, Theresa"]
[Result "1-0"]
[WhiteElo "1227"]
[BlackElo "1384"]
[PlyCount "73"]
[EventDate "2002.05.19"]
[EventType "swiss"]
[EventRounds "11"]
[EventCountry "GER"]
[SourceTitle "CBM 088 Extra"]
[Source "ChessBase"]
[SourceDate "2002.07.01"]
[SourceVersion "2"]
[SourceVersionDate "2002.07.01"]
[SourceQuality "1"]

1. d4 Nf6 2. Bg5 Ne4 3. Bf4 Nf6 4. Nf3 g6 5. Nc3 Bg7 6. Qd2 0-0 7. Bh6 d6 8. Bxg7 Kxg7 9. e3 Nbd7 10. Bd3 Re8 11. Rg1 e5 12. dxe5 dxe5 13. Be2 c6 14. h4 Qc7 15. g4 Nc5 16. 0-0-0 Bxg4 17. Nh2 Bf5 18. h5 b5 19. h6+ Kg8 20. Qd6 Qxd6 21. Rxd6 Nfe4 22. Nxe4 Nxe4 23. Rxc6 Rac8 24. Rxc8 Rxc8 25. Bd3 Kf8 26. f3 Nd6 27. Bxf5 Nxf5 28. Ng4 Kg8 29. Re1 e4 30. fxe4 Ng3 31. e5 Rc4 32. Nf6+ Kh8 33. Rd1 Rc8 34. Rd7 Rf8 35. e6 Nf5 36. e7 Rc8 37. Rd8+ 1-0

[Event "GER-ch U10"]
[Site "Willingen"]
[Date "2001.06.06"]
[Round "7"]
[White "Rath, Oliver"]
[Black "Miclea, Sebastian Marius"]
[Result "1-0"]
[WhiteElo "983"]
[BlackElo "1259"]
[PlyCount "145"]
[EventDate "2001.06.03"]
[EventType "swiss"]
[EventRounds "11"]
[EventCountry "GER"]
[SourceTitle "EXT 2003"]
[Source "ChessBase"]
[SourceDate "2002.11.25"]
[SourceVersion "1"]
[SourceVersionDate "2002.11.25"]
[SourceQuality "1"]

1. e4 c5 2. Nf3 Nc6 3. Bc4 g6 4. Nc3 Bg7 5. d3 e6 6. Bg5 Nge7 7. Qd2 0-0 8. Bh6 d5 9. exd5 exd5 10. Bb5 a6 11. Bxc6 Nxc6 12. 0-0 Re8 13. Rfe1 Be6 14. Bxg7 Kxg7 15. Ne5 Qd6 16. Qf4 Bf5 17. Nxg6 Qxg6 18. Nxd5 Rxe1+ 19. Rxe1 Rd8 20. Ne3 Bh3 21. Qf3 Be6 22. a3 Nd4 23. Qxb7 Re8 24. c3 Bc8 25. Qd5 Ne6 26. Nf5+ Kh8 27. Ng3 Kg7 28. Qh5 Qxd3 29. Nf5+ Kh8 30. Nh6 Qg6 31. Qxg6 fxg6 32. Nf7+ Kg7 33. Nd6 Rd8 34. Nxc8 Nf4 35. g3 Nh3+ 36. Kg2 Nxf2 37. Kxf2 Rxc8 38. Re7+ Kg8 39. Ra7 Rc6 40. b4 cxb4 41. cxb4 Kf8 42. Rxh7 Rc2+ 43. Ke3 Rc3+ 44. Kd2 Rxa3 45. Kc2 Ra4 46. Kb3 Ra1 47. Ra7 Rb1+ 48. Kc3 Rc1+ 49. Kb2 Rc6 50. Kb3 Rb6 51. Ka4 g5 52. Rc7 Rh6 53. Rc5 g4 54. Rg5 Rxh2 55. Rxg4 Ra2+ 56. Kb3 Ra1 57. Rg5 Ke7 58. Ra5 Rg1 59. Rxa6 Rxg3+ 60. Ka4 Rg8 61. Rc6 Rb8 62. Ka5 Kd7 63. b5 Rc8 64. Rxc8 Kxc8 65. Kb6 Kb8 66. Ka6 Ka8 67. b6 Kb8 68. b7 Kc7 69. Ka7 Kc6 70. b8Q Kc5 71. Ka6 Kc4 72. Ka5 Kd5 73. Qc7 1-0